书目信息 |
| 题名: |
干部必备知识读本
|
|
| 作者: | 杨伯亚 主编 | |
| 分册: | ||
| 出版信息: | 北京 中共中央党校出版社 1995 |
|
| 页数: | 383页 | |
| 开本: | 20cm | |
| 丛书名: | ||
| 单 册: | ||
| 中图分类: | Z228 | |
| 科图分类: | 92.29 | |
| 主题词: | 科学知识--党校--教材 | |
| 电子资源: | ||
| ISBN: | 7-5035-1263-6 | |
| 000 | 00693nnam 2200241 45 | |
| 001 | 0196018674 | |
| 005 | 20070619171602.50 | |
| 010 | @a7-5035-1263-6@dCNY12.50 | |
| 100 | @a19950714d1995 em y0chiy0121 ea | |
| 101 | 0 | @achi |
| 102 | @aCN@b110000 | |
| 105 | @ay zj 000yy | |
| 200 | 10 | @a干部必备知识读本@AGAN BU BI BEI ZHI SHI DU BEN@f杨伯亚主编@FYANG BO YA ZHU BIAN |
| 210 | @a北京@c中共中央党校出版社@d1995 | |
| 215 | @a383页@d20cm | |
| 300 | @a河北省市(地)党校统用系列教材之五 | |
| 314 | @a杨伯亚,[河南某党校]教授 | |
| 606 | @a科学知识@x党校@x教材 | |
| 690 | @aZ228 | |
| 692 | @a92.29 | |
| 701 | 0 | @a杨伯亚@AYANG BO YA@4主编 |
| 801 | 0 | @aCN@bTSSF@c20070619 |
| 905 | @a10447@dZ228@e175 | |
| 干部必备知识读本/杨伯亚主编.-北京:中共中央党校出版社,1995 |
| 383页;20cm |
| 河北省市(地)党校统用系列教材之五 |
| ISBN 7-5035-1263-6:CNY12.50 |
| ● |
| 相关链接 |
|
|
|
|
正题名:干部必备知识读本
索取号:Z228/175
 
预约/预借
| 序号 | 登录号 | 条形码 | 馆藏地/架位号 | 状态 | 备注 |
| 1 | 0654940 | 206549403 | 第二样本阅览室/ [索取号:Z228/175] | 在馆 |